<?xml version="1.0" encoding="UTF-8"?>
<record
    xmlns:xsi="http://www.w3.org/2001/XMLSchema-instance"
    xsi:schemaLocation="http://www.loc.gov/MARC21/slim http://www.loc.gov/standards/marcxml/schema/MARC21slim.xsd"
    xmlns="http://www.loc.gov/MARC21/slim">

  <leader>01856nam a22003017a 4500</leader>
  <controlfield tag="003">DO-SdBNP</controlfield>
  <controlfield tag="005">20210419115027.0</controlfield>
  <controlfield tag="008">210312b 2007 dr 00| 0 spa d</controlfield>
  <datafield tag="020" ind1=" " ind2=" ">
    <subfield code="a">9789993439479</subfield>
  </datafield>
  <datafield tag="040" ind1=" " ind2=" ">
    <subfield code="a">BPMSU</subfield>
    <subfield code="b">spa</subfield>
    <subfield code="c">BPMSU</subfield>
  </datafield>
  <datafield tag="082" ind1=" " ind2=" ">
    <subfield code="a">972.9384</subfield>
    <subfield code="b">C355S</subfield>
    <subfield code="2">22</subfield>
  </datafield>
  <datafield tag="100" ind1="1" ind2=" ">
    <subfield code="a">Castro, Norman de</subfield>
    <subfield code="b">1933 -</subfield>
  </datafield>
  <datafield tag="210" ind1=" " ind2=" ">
    <subfield code="2"> </subfield>
  </datafield>
  <datafield tag="245" ind1=" " ind2=" ">
    <subfield code="a">Santa Cruz de el Seibo :</subfield>
    <subfield code="b">apuntes para su historia /</subfield>
    <subfield code="c">Norman Agusto de Castro Cortes.</subfield>
  </datafield>
  <datafield tag="260" ind1=" " ind2=" ">
    <subfield code="a">Santo Domingo :</subfield>
    <subfield code="b">Libreria la Trinitaria </subfield>
    <subfield code="c">2007.</subfield>
  </datafield>
  <datafield tag="300" ind1=" " ind2=" ">
    <subfield code="a">204, [1 h  ] p. :</subfield>
    <subfield code="b">ils.;</subfield>
    <subfield code="c">23 cm.</subfield>
  </datafield>
  <datafield tag="500" ind1=" " ind2=" ">
    <subfield code="a">Incluye datos biogr&#xE1;ficos del autor en las solas </subfield>
    <subfield code="8"> </subfield>
  </datafield>
  <datafield tag="500" ind1=" " ind2=" ">
    <subfield code="a">Incluye referencias bibliogr&#xE1;ficas y notas al pie de las p&#xE1;gianas </subfield>
  </datafield>
  <datafield tag="500" ind1=" " ind2=" ">
    <subfield code="a">Contiene mapas y escudo en una hoja plegables</subfield>
    <subfield code="3"> </subfield>
  </datafield>
  <datafield tag="504" ind1=" " ind2=" ">
    <subfield code="a">Bibliograf&#xED;a : p. 199 - 201. </subfield>
  </datafield>
  <datafield tag="505" ind1="0" ind2=" ">
    <subfield code="a">Agradecimientos  -- Advertencias -- Abreviaturas  -- A manera de pr&#xF3;logo -- Sobre el nombre de la Villa -- Sobre la fecha de su fundaci&#xF3;n -- De los Caciques de Hig&#xFC;ey  -- Guerras del Cacicazgo de Hig&#xFC;ey -- Concesi&#xF3;n de armas y blasones -- Datos del arzobispo Domingo Fern&#xE1;ndez de Navarrete -- Fundaci&#xF3;n del el Seibo y algunas noticias sobre su iglesia (conferencia) -- Despoblaci&#xF3;n y segundo asentamiento  -- Destrucci&#xF3;n por terremoto y tercer asentamiento -- El Seibo y los seibanos en la historia -- Hitos y tradiciones seibanas  -- Tres sonetos de Emilio A. Morel -- Historia de la divisi&#xF3;n territorial de la provincia de El Seibo y dem&#xE1;s provincias y poblaciones de la Regi&#xF3;n Oriental -- Ep&#xED;logo -- Bibliograf&#xED;a consultada.</subfield>
  </datafield>
  <datafield tag="590" ind1=" " ind2=" ">
    <subfield code="a">Inventariado ,2021/ MC.</subfield>
  </datafield>
  <datafield tag="650" ind1=" " ind2="4">
    <subfield code="a">Ciudades y pueblos</subfield>
    <subfield code="z">Rep&#xFA;blica Dominicana</subfield>
  </datafield>
  <datafield tag="651" ind1=" " ind2="4">
    <subfield code="a">El Seibo (Rep&#xFA;blica Dominicana)</subfield>
    <subfield code="x">Historia.</subfield>
    <subfield code="y">1844-1861</subfield>
  </datafield>
  <datafield tag="651" ind1=" " ind2="4">
    <subfield code="a">El Seibo  (Rep&#xFA;blica Dominicana)</subfield>
    <subfield code="x">Vida social y costumbres. </subfield>
  </datafield>
  <datafield tag="910" ind1=" " ind2=" ">
    <subfield code="a">Inventariado, 2021/ MC.</subfield>
  </datafield>
  <datafield tag="942" ind1=" " ind2=" ">
    <subfield code="2">ddc</subfield>
    <subfield code="c">BK</subfield>
  </datafield>
  <datafield tag="952" ind1=" " ind2=" ">
    <subfield code="0">0</subfield>
    <subfield code="1">0</subfield>
    <subfield code="2">ddc</subfield>
    <subfield code="4">0</subfield>
    <subfield code="7">0</subfield>
    <subfield code="8">CD</subfield>
    <subfield code="a">BPMET</subfield>
    <subfield code="b">BPMET</subfield>
    <subfield code="d">2021-03-12</subfield>
    <subfield code="e">Compra</subfield>
    <subfield code="o">BPMSU CD 972.9384 C355s 2007</subfield>
    <subfield code="p">BPMSU21030023</subfield>
    <subfield code="r">2021-03-12</subfield>
    <subfield code="w">2021-03-12</subfield>
    <subfield code="y">BK</subfield>
  </datafield>
  <datafield tag="952" ind1=" " ind2=" ">
    <subfield code="0">0</subfield>
    <subfield code="1">0</subfield>
    <subfield code="2">ddc</subfield>
    <subfield code="4">0</subfield>
    <subfield code="7">0</subfield>
    <subfield code="8">CD</subfield>
    <subfield code="a">BPMET</subfield>
    <subfield code="b">BPMET</subfield>
    <subfield code="d">2021-03-12</subfield>
    <subfield code="e">Compra</subfield>
    <subfield code="o">BPMSU CD 972.9384 C355s 2007</subfield>
    <subfield code="p">BPMSU21030024</subfield>
    <subfield code="r">2021-03-12</subfield>
    <subfield code="t">e.2</subfield>
    <subfield code="w">2021-03-12</subfield>
    <subfield code="y">BK</subfield>
  </datafield>
  <datafield tag="952" ind1=" " ind2=" ">
    <subfield code="0">0</subfield>
    <subfield code="1">0</subfield>
    <subfield code="2">ddc</subfield>
    <subfield code="4">0</subfield>
    <subfield code="7">0</subfield>
    <subfield code="8">CD</subfield>
    <subfield code="a">BPMET</subfield>
    <subfield code="b">BPMET</subfield>
    <subfield code="d">2021-03-12</subfield>
    <subfield code="e">Compra</subfield>
    <subfield code="o">BPMSU CD 972.9384 C355s 2007</subfield>
    <subfield code="p">BPMSU21030025</subfield>
    <subfield code="r">2021-03-12</subfield>
    <subfield code="t">e.3</subfield>
    <subfield code="w">2021-03-12</subfield>
    <subfield code="y">BK</subfield>
  </datafield>
  <datafield tag="999" ind1=" " ind2=" ">
    <subfield code="c">13394</subfield>
    <subfield code="d">13394</subfield>
  </datafield>
</record>
